LEADER 01081nam a2200241 i 4500 001 000000155126 003 CaOOAMICUS 005 20061102000000.0 008 061102s1927 it u000 u ita u 013 $a132475 040 $aSeMil$bita 100 1 $aAlighieri, Dante,$d<1265-1321>.$0(OLS)http://semarc/name/453 245 13$aLa Divina Commedia /$cDante Alighieri ; illustrata da Gustavo Doré e dichiarata con note tratte dai migliori commenti per cura di Eugenio Camerini. 260 $aMilano :$bSonzogno,$c1927. 300 $a679 p. :$bill. ;$c34 cm. 490 0 $aBiblioteca classica illustrata 700 1 $aCamerini, Eugenio,$d<1811-1875>.$0(OLS)http://semarc/name/60688 700 1 $aDoré, Gustave,$d<1832-1883>.$0(OLS)http://semarc/name/8279 830 0$aBiblioteca classica illustrata.$0(OLS)http://semarc/title/22151 850 $aSeMil 852 $aSeMil$W1$xVenegono$y1$m5L X 16$j106977$B106977$CSeMilBibl$Z2$F116271 $8I 996 $6245$aLa Divina Commedia$9(OLS)http://semarc/title/45395 996 $6260$aMilano :$bSonzogno$9(OLS)http://semarc/publisher/31743 LEADER 01153nam a2200205 i 4500 001 000000004285 003 CaOOAMICUS 005 20180830125436.0 008 180830s1851 fr u000 u und u 040 $aSeMil$bita 100 1 $aSparks, Jared <1789-1866>.$0(OLS)http://semarc/name/89274 245 10$aWashington :$bfondation de la république des États-Unis d'Amerique : vie de Washington /$ctraduction de l'anglais de m. Jared Sparks par m. Ch... ; et précédée d'une introduction sur le caractère de Washington et son influence dans la Révolution des États-Unis d'Amérique pa M. François Guizot. 260 $aBruxelles :$bSociété typographique belge,$c1851. 300 $a2 v. ;$c20 cm. 600 14$aWashington, George <1732-1799>.$0(OLS)http://semarc/subject/44584 700 1 $aGuizot, François,$d<1787-1874>.$0(OLS)http://semarc/name/3308 774 0 $tTome 1.$g1$w()78260 774 0 $tTome 2.$g2$w()253235 996 $6245$aWashington :$bfondation de la république des États-Unis d'Amerique : vie de Washington$9(OLS)http://semarc/title/400417 996 $6260$aBruxelles :$bSociété typographique belge$9(OLS)http://semarc/publisher/31313